000 01433cam a22002174a 4500
005 20250605164330.0
008 250528s ||||||||||||||||||||||||d
035 _a23207
020 _a9780273695790
040 _aGR-AtMCL
_bgre
_dGR-AtMCL
_eAACR2
245 1 _aSelling and Sales Management
250 _a7th
260 _bFt Prentice Hall,
_c2006
300 _a530
520 _aThis excellent work is mandatory reading for all with academic or practical interests in the world of sales - which is about the whole marketing and management community. This influential book is an excellent contribution to the literature. Preface, Acknowledgements, One Sales Perspective, Development and Role of Selling in Marketing, Sales Strategies, Sales Environment, Consumer and Organizational Buyer Behavior, Sales Settings, International Selling, Law and Ethical Issues, Sales Technique, Sales Responsibilities and Preparation, Personal Selling Skills, Key Account Management, Relationship Selling, Direct Marketing, Internet and IT Applications in Selling and Sales Management, Sales Management, Recruitment and Selection, Motivation and Training, Organization and Compensation, Sales Control, Sales Forecasting and Budgeting, Salesforce Evaluation, Appendix: Examination Technique, Further Reading, Index.
700 1 _aJobber David
_92074
700 1 _aLancaster Geoff
_92075
942 _cBK
999 _c8236
_d8236